000
00342nam a2200145Ia 4500
008
150201s2009 xx 000 0 und d
082
_a
617
_b
S09K
100
_a
KAPUR,M.M
245
_a
INTRODUCTION TO SURGICAL INSTRUMENTS
250
_a
2ND
260
_b
BLACKWELL
_a
DELHI
_c
2009
300
_a
1-244
650
_a
SURGERY
942
_2
ddc
_c
BK
_0
17
999
_c
364
_d
364